|
|
|
|
| LEADER |
00000nab a2200000 a 4500 |
| 001 |
vtls000880566 |
| 003 |
SK-MaSNL |
| 005 |
20260319075415.0 |
| 008 |
160314c2004 xo 0 hun |
| 015 |
|
|
|a SNBRB2004/08-23743
|
| 035 |
|
|
|a CLN000232095
|
| 040 |
|
|
|a SNKBUCL
|b slo
|c SNKBUCL
|e AACR2
|
| 041 |
0 |
|
|a slo
|
| 044 |
|
|
|a xo
|c SK
|
| 080 |
|
|
|a 94(439)-051"18"
|2 UDC-MRF-SK2
|
| 080 |
|
|
|a 821.511.141:929
|2 UDC-MRF-SK2
|
| 080 |
|
|
|a 82:929:821.511.141
|2 UDC-MRF-SK2
|
| 080 |
|
|
|a 94(439.2)-051"18"
|2 UDC-MRF-SK2
|
| 100 |
1 |
|
|a Kiss, Jozef,
|d 1944-2013
|4 aut
|9 101780
|
| 245 |
1 |
0 |
|a Halljuk kendet, Táncsics?!
|b örökségében a felnövekvő diáknemzedék eligazítást nyújtó üzenetre találhat
|c Kiss József
|
| 600 |
1 |
7 |
|a Táncsics, Mihály
|d 1799-1884
|x recepcia
|z Slovensko
|2 snkbucl
|9 872475
|
| 773 |
0 |
|
|t Új szó
|g Roč. 57, č. 154 (6.7.2004), s. 5
|
| 850 |
|
|
|a Slovenská národná knižnica v Martine
|
| 852 |
|
|
|a SNK
|b KIS3GCP
|
| 958 |
|
|
|a HU
|
| 958 |
|
|
|a SK
|
| 958 |
|
|
|a LX
|
| 958 |
|
|
|a RBX
|
| 999 |
|
|
|c 1392467
|d 1394397
|